سو غا ت ا د ب (Record no. 179162)

MARC details
000 -LEADER
fixed length control field 00609nam a22001937a 4500
005 - DATE AND TIME OF LATEST TRANSACTION
control field 20210527153216.0
010 ## - LCCN (DPL NO)
LC control number UR-11124
020 ## - INTERNATIONAL STANDARD BOOK NUMBER
Terms of availability 112.00
International Standard Book Number 9789390579020
035 ## - SYSTEM CONTROL NUMBER
System control number U-9679
037 ## - SOURCE OF ACQUISITION
Source of stock number/acquisition DBAD/PUB
082 ## - DEWEY DECIMAL CLASSIFICATION NUMBER
Classification number 844
100 ## - MAIN ENTRY--PERSONAL NAME
Personal name محمد سميع ا لد ين
245 ## - TITLE STATEMENT
Title سو غا ت ا د ب
Statement of responsibility, etc محمد سميع ا لد ين
246 ## - VARYING FORM OF TITLE
Title proper/short title Soghat-e-Adab (Urdu)
Remainder of title by Mohd. Samiuddin
260 ## - PUBLICATION, DISTRIBUTION, ETC. (IMPRINT)
Place of publication, distribution, etc N.D.
Date of publication, distribution, etc 2020 ء
Name of publisher, distributor, etc Applied Books
270 ## - ADDRESS
Address 1739/10,Pataudi House Darya ganj,
City New Delhi
Postal code 110002
Fax number -
300 ## - PHYSICAL DESCRIPTION
Extent 172 ص
Dimensions 22 Cm(Hb)
942 ## - ADDED ENTRY ELEMENTS (KOHA)
Source of classification or shelving scheme Dewey Decimal Classification
Item type Urdu Bks
Classification part 844
Call number suffix م ح م
Holdings
Withdrawn status Lost status Not for loan Collection code Home library Current library Date acquired Source of acquisition Cost, normal purchase price Full call number Barcode Copy number Cost, replacement price Koha item type
    Not For Loan Non-fiction D.B.Act.Division Central Library 27/05/2021 DBAD/PUB 112.00 844 م ح م U-9679 1 112.00 Urdu Bks

© Delhi Public Library
Hit Counter
free hit counter